A Clinician's Guide to Suicide Risk Assessment and Management

This book offers mental health clinicians a comprehensive guide to assessing and managing suicide risk. Suicide has now come to be understood as a multidimensionally determined outcome, which stems from the complex interaction of biological, genetic, psychological, sociological and environmental fac...

Full description

Bibliographic Details
Main Author: Sadek, Joseph (Author, http://id.loc.gov/vocabulary/relators/aut)
Corporate Author: SpringerLink (Online service)
Format: Electronic eBook
Language:English
Published: Cham : Springer International Publishing : Imprint: Springer, 2019.
Edition:1st ed. 2019.
Subjects:
Online Access:Full Text via HEAL-Link
LEADER 02387nam a2200445 4500
001 978-3-319-77773-3
003 DE-He213
005 20191025191542.0
007 cr nn 008mamaa
008 181121s2019 gw | s |||| 0|eng d
020 |a 9783319777733  |9 978-3-319-77773-3 
024 7 |a 10.1007/978-3-319-77773-3  |2 doi 
040 |d GrThAP 
050 4 |a RC434.2-574 
072 7 |a MMH  |2 bicssc 
072 7 |a MED105000  |2 bisacsh 
072 7 |a MKL  |2 thema 
082 0 4 |a 616.89  |2 23 
100 1 |a Sadek, Joseph.  |e author.  |4 aut  |4 http://id.loc.gov/vocabulary/relators/aut 
245 1 2 |a A Clinician's Guide to Suicide Risk Assessment and Management  |h [electronic resource] /  |c by Joseph Sadek. 
250 |a 1st ed. 2019. 
264 1 |a Cham :  |b Springer International Publishing :  |b Imprint: Springer,  |c 2019. 
300 |a XVI, 113 p. 9 illus., 4 illus. in color.  |b online resource. 
336 |a text  |b txt  |2 rdacontent 
337 |a computer  |b c  |2 rdamedia 
338 |a online resource  |b cr  |2 rdacarrier 
347 |a text file  |b PDF  |2 rda 
505 0 |a Purpose and Background -- Understanding suicide and self-Harm -- The Content of Suicide Risk Assessment -- Suicide Risk Assessment Tool -- Management of Suicidal Patients -- Documentation and Communication -- Suicide Risk Assessment Quality Monitoring -- Appendix A-L. 
520 |a This book offers mental health clinicians a comprehensive guide to assessing and managing suicide risk. Suicide has now come to be understood as a multidimensionally determined outcome, which stems from the complex interaction of biological, genetic, psychological, sociological and environmental factors. Based on recent evidence and an extensive literature review, the book provides straightforward, essential information that can easily be applied in a wide variety of disciplines. . 
650 0 |a Psychiatry. 
650 0 |a Psychology. 
650 1 4 |a Psychiatry.  |0 http://scigraph.springernature.com/things/product-market-codes/H53003 
650 2 4 |a Psychology, general.  |0 http://scigraph.springernature.com/things/product-market-codes/Y00007 
710 2 |a SpringerLink (Online service) 
773 0 |t Springer eBooks 
776 0 8 |i Printed edition:  |z 9783319777726 
776 0 8 |i Printed edition:  |z 9783319777740 
856 4 0 |u https://doi.org/10.1007/978-3-319-77773-3  |z Full Text via HEAL-Link 
912 |a ZDB-2-SME 
950 |a Medicine (Springer-11650)